000 005380000a22001930004500
999 _c49246
_d49246
001 2098
003 CO-MdFUSB
005 20180817172048.0
008 180817b xxu||||| |||| 00| 0 eng d
020 _a958-30-155-9
040 _cCO-MdBIC
082 0 4 _a152 Al86q
100 1 _aÁlvaro Romero, Manuel
245 1 0 _a¿Quieres ser feliz? claves para mejorar nuestra autoestima / Manuel Álvaro Romero
260 _aBogota : Panamericana Editorial
300 _a160 P.
650 1 4 _aAutoestíma \ Superación Personal
942 _cLGB